| 000 | 00721nac a22001811u 4500 | ||
|---|---|---|---|
| 008 | 100811t2004 ua|||||r|||| 001 0dara d | ||
| 082 |
_a239 _bد ش ت |
||
| 100 |
_aالدشتي ، علي _917451 |
||
| 245 |
_a23 عاما دراسة في السيرة النبوية / _cعلي الدشتي؛ ترجمة ثائر ديب |
||
| 260 |
_aدمشق : _b2004، بترا للنشر والتوزيع _c2004 |
||
| 300 |
_a287ص؛ _c24 سم. |
||
| 511 | _aCatalogued by: Sara | ||
| 650 |
_aالإسراء والمعراج _922340 |
||
| 650 |
_aزوجات النبى _98738 |
||
| 650 |
_aالسيرة النبوية _922341 _xالهجرة إلى المدينة |
||
| 700 |
_aديب ، ثائر _917452 |
||
| 942 |
_cBB _k239 د ش ت _2ddc |
||
| 999 |
_c6988 _d6988 |
||